| 000 | 00805nam a22002417a 4500 | ||
|---|---|---|---|
| 001 | 28809 | ||
| 003 | UA-OsUOA | ||
| 005 | 20210916134445.0 | ||
| 007 | ta | ||
| 008 | 20050508b un ||||| |||| 00| 0 ukr d | ||
| 020 | _a5-06-001164-Х | ||
| 040 |
_aUA-OsUOA _brus _cUA-OsUOA _dUA-OsUOA |
||
| 041 | _arus | ||
| 044 | _aRU | ||
| 080 | _a94(47+57) | ||
| 090 |
_a94(47+57) _bМ34 |
||
| 245 |
_aСоциально-економическое развитие России в первой половине 18 в. _bматериалы по истории СССР для семинарских и практических занятий _cред. А. Д. Горского _nВып. 4 |
||
| 260 |
_aМ. _bВысшая школа _c1988 |
||
| 300 | _a319 с. | ||
| 650 | 7 | _2UDC | |
| 942 |
_cBK _2udc |
||
| 955 | _a0 | ||
| 999 |
_c315182 _d315182 |
||